00779nam a2200205 a 450000100100000000500170001000800410002702000150006804000250008310000360010824500990014426000530024330000200029649000480031670000300036489000480039404900090044295201050045199900170055600002422420200930022825.0110125s2005 dr a 000 0 spa d a9993424161 aDO-SdBNPbspacBNPHU1 aGimeno, María Consuelo94974810aApuntes y estrategias para el desarrollo local /cMaría Consuelo Gimeno ; Nicolás Guevara. aSanto Domingo :bCentro Cultural Proveda,c2005. a59 p. ;c28 cm. 1aCuadernos de sociedad y educaciónvno. 171 aGuevara, Nicolás922224 0aCuadernos de sociedad y educaciónvno. 17 aBNPD 0010718PDaPDbPDcCTd2011-01-25iLF1l0o p24224-10r2020-06-25w2020-06-25yLFPDZNo se presta c23718d23718